00464 a2200157 4500010001400000020002300014035001300037037001800050082001500068100002100083245004700104260005000151270004400201300004200245500001900287 aENG-86004 a007063629Xc450.00 aEN-69537 bD.B.Act / Pub14a332.6320421 aPring, Martin J.1 aCandlesticks explainedcby Martin J. Pring aNew DelhibTata Mc-Graw Hill Publishingc2007 a7, West Patel NagarbNew Delhie110 008 aviii, 231 p.c24 cm. (Pbk.)b+ CD Rom aIncludes index